[Event "Cocquio Trevisago op 15th"]
[Site "Cocquio Trevisago"]
[Date "2002.10.26"]
[Round "4"]
[White "Di Stefano, Claudio"]
[Black "Taglione, Giuseppe"]
[Result "1-0"]
[WhiteElo "1495"]
[BlackElo "1500"]
[PlyCount "39"]
[EventDate "2002.10.19"]
[EventType "swiss"]
[EventRounds "6"]
[EventCountry "ITA"]
[SourceTitle "EXT 2024"]
[Source "ChessBase"]
[SourceDate "2023.10.10"]
[SourceVersion "1"]
[SourceVersionDate "2023.10.10"]
[SourceQuality "1"]

1. d4 e6 2. c4 Bb4+ 3. Nd2 Nf6 4. a3 Bxd2+ 5. Bxd2 d5 6. e3 c6 7. Qc2 Ne4 8. Nf3 Nd7 9. Bd3 Ndf6 10. Bb4 a5 11. Bc3 b6 12. 0-0 Ba6 13. Ne5 Qc7 14. Be1 Rc8 15. b4 Nd6 16. c5 Bxd3 17. Qxd3 bxc5 18. bxc5 Nb7 19. Rb1 Nd7 20. Qa6 1-0